Country Neighbour Connect: Easternmost Point, starting with World's Easternmost Point - Statistics

General Stats
  • This quiz has been taken 170 times
  • The average score is 118 of 154
Answer Stats
COUNTRY % Correct
Russia
100%
China
88%
Mongolia
88%
North Korea
88%
South Korea
88%
Cambodia
87%
Indonesia
87%
Laos
87%
Malaysia
87%
Papua New Guinea
87%
Thailand
87%
Vietnam
87%
Afghanistan
85%
Bangladesh
85%
Bhutan
85%
Brunei
85%
Burma
85%
East Timor
85%
India
85%
Kyrgyzstan
85%
Nepal
85%
Pakistan
85%
Tajikistan
85%
Armenia
84%
Azerbaijan
84%
Georgia
84%
Iran
84%
Iraq
84%
Kazakhstan
84%
Oman
84%
Saudi Arabia
84%
Turkey
84%
Turkmenistan
84%
United Arab Emirates
84%
Uzbekistan
84%
Yemen
84%
Angola
82%
Botswana
82%
Burundi
82%
Cameroon
82%
Central African Republic
82%
Chad
82%
Democratic Republic of the Congo
82%
Djibouti
82%
Egypt
82%
Eritrea
82%
Ethiopia
82%
Israel
82%
Jordan
82%
Kenya
82%
Kuwait
82%
Lebanon
82%
Lesotho
82%
Libya
82%
Malawi
82%
Mozambique
82%
Namibia
82%
Niger
82%
Nigeria
82%
Qatar
82%
Rwanda
82%
Somalia
82%
South Africa
82%
South Sudan
82%
Sudan
82%
Swaziland
82%
Syria
82%
Tanzania
82%
Uganda
82%
Zambia
82%
Zimbabwe
82%
Algeria
81%
Equatorial Guinea
81%
Gabon
81%
Mali
81%
Morocco
81%
Republic of the Congo
81%
Spain
81%
Tunisia
81%
Benin
79%
France
79%
Italy
79%
Austria
78%
Belarus
78%
Burkina Faso
78%
Estonia
78%
Hungary
78%
Ireland
78%
Latvia
78%
Poland
78%
Slovakia
78%
Ukraine
78%
United Kingdom
78%
Albania
76%
Belgium
76%
Bosnia and Herzegovina
76%
Bulgaria
76%
Croatia
76%
Czech Republic
76%
Germany
76%
Greece
76%
Kosovo
76%
Liechtenstein
76%
Lithuania
76%
Luxembourg
76%
Macedonia
76%
Montenegro
76%
Romania
76%
Serbia
76%
Switzerland
76%
Denmark
75%
Netherlands
75%
Moldova
73%
San Marino
73%
Vatican City
73%
Monaco
72%
Slovenia
70%
Andorra
69%
Costa Rica
69%
El Salvador
69%
Guatemala
69%
Honduras
69%
Nicaragua
69%
Panama
69%
Argentina
67%
Bolivia
67%
Brazil
67%
Canada
67%
Chile
67%
Colombia
67%
Guyana
67%
Mexico
67%
Paraguay
67%
Peru
67%
Suriname
67%
United States
67%
Uruguay
67%
Venezuela
67%
Belize
66%
Ecuador
66%
Côte d'Ivoire
64%
Guinea
64%
Senegal
64%
Ghana
63%
Mauritania
63%
Togo
63%
Guinea-Bissau
60%
Liberia
60%
Sierra Leone
60%
Gambia
55%
Portugal
51%
Finland
43%
Norway
43%
Sweden
43%
No matching quizzes found
Score Distribution
Percent of People with Each Score
Percentile by Number Answered
Your Score History
You have not taken this quiz